000
00278nam a22000977a 4500
008
210716b ||||| |||| 00| 0 eng d
245
_a
The international journal on Hydropower and Dams
_b
Volume twenty six, issue 5, 2019
260
_c
2019.
300
_a
123 p.
_c
29 cm.
942
_2
ddc
999
_c
8785
_d
8786